000 01180nam0a22002531 4500
001 rc\4646951
005 20260407181737.0
021 _aRU
_bРг912-62
035 _a(NLR Aleph) 008410892
090 _a9295779
_c9295779
100 _a20130416d1961 |||y0rusy50 ca
101 0 _arus
102 _aRU
105 _ay z |||||
200 1 _aТезисы докладов на Совещании по применению ультразвука в сельскохозяйственном производстве (29/IX-2/X 1961 г.)
_fВсесоюз. ордена Ленина акад. с.-х. наук им. В.И. Ленина. Отд-ние механизации и электрификации сел. хоз-ва
210 _aМосква
_cБ. и.
_d1961
215 _a[18] л. разд. паг.
_d29
300 _aОтпеч. на ротаторе
710 1 2 _aСовещание по применению ультразвука в сельскохозяйственном производстве
_eМосква
_f1961
_9732465
_3RU\NLR\AUTH\8810116603
801 0 _aRU
_bNLR
_gpsbo
801 1 _aRU
_bELAR
_2rusmarc
852 _aNLR
_j62-8/281
942 _cBOOK
980 _aNB